LEADER 01179nam--2200385---450- 001 990003061510203316 005 20080205154309.0 010 $a3-515-08566-1 035 $a000306151 035 $aUSA01000306151 035 $a(ALEPH)000306151USA01 035 $a000306151 100 $a20080205h2005----km-y0itay50------ba 101 $ager 102 $aDE 105 $a||||||||001yy 200 1 $aNikias und das Volk von Athen im Archidamischen Krieg$fNorbert Geske 210 $aStuttgart$cF. Steiner$d2005 215 $a224 p.$d24 cm 225 2 $aHistoria$iEinzelschriften$v186 410 0$12001$aHistoria$iEinzelschriften 607 $aGrecia$xStoria$xGuerra del Peloponneso$z431-404 a.C. 610 $aNicia 676 $a938.05072 700 1$aGESKE,$bNorbert$0499625 801 0$aIT$bsalbc$gISBD 912 $a990003061510203316 951 $aIX.3. 591$b204320 L.M.$cIX.3.$d00067384 959 $aBK 969 $aUMA 979 $aPAOLA$b90$c20080205$lUSA01$h1537 979 $aPAOLA$b90$c20080205$lUSA01$h1543 979 $aPAOLA$b90$c20080205$lUSA01$h1543 996 $aNikias und das Volk von Athen im Archidamischen Krieg$9742564 997 $aUNISA LEADER 02142nam0 2200457 i 450 001 VAN0132648 005 20230801024129.153 017 70$2N$a9783030674281 100 $a20210322d2021 |0itac50 ba 101 $aeng 102 $aCH 105 $a|||| ||||| 200 1 $aLiouville-Riemann-Roch Theorems on Abelian Coverings$fMinh Kha, Peter Kuchment 210 $aCham$cSpringer$d2021 215 $axii, 93 p.$d24 cm 461 1$1001VAN0102250$12001 $aLecture notes in mathematics$1210 $aBerlin [etc.]$cSpringer$v2245 500 1$3VAN0234352$aLiouville-Riemann-Roch Theorems on Abelian Coverings$91768630 606 $a35Pxx$xSpectral theory and eigenvalue problems for partial differential equations [MSC 2020]$3VANC022123$2MF 606 $a35Axx$xGeneral topics in partial differential equations [MSC 2020]$3VANC022828$2MF 606 $a58J05$xElliptic equations on manifolds, general theory [MSC 2020]$3VANC023134$2MF 610 $aAbelian Covering$9KW:K 610 $aElliptic operators$9KW:K 610 $aIndex Formula$9KW:K 610 $aLiouville theorem$9KW:K 610 $aPartial differential equations$9KW:K 610 $aPeriodic Operator$9KW:K 610 $aRiemann-Roch Theorem$9KW:K 610 $aSingularities of Solutions$9KW:K 610 $aSpectrum$9KW:K 620 $aCH$dCham$3VANL001889 700 1$aKha$bMinh$3VANV106476$0791289 701 1$aKuchment$bPeter$3VANV036998$060064 712 $aSpringer $3VANV108073$4650 801 $aIT$bSOL$c20240614$gRICA 856 4 $uhttp://doi.org/10.1007/978-3-030-67428-1$zE-book ? Accesso al full-text attraverso riconoscimento IP di Ateneo, proxy e/o Shibboleth 912 $fN 912 $aVAN0132648 950 $aBIBLIOTECA DEL DIPARTIMENTO DI MATEMATICA E FISICA$d08CONS e-book $e08LNM2245 20210322 950 $aBIBLIOTECA DEL DIPARTIMENTO DI MATEMATICA E FISICA$d08CONS e-book 8293 $e08eMF8293 20240430 996 $aLiouville-Riemann-Roch Theorems on Abelian Coverings$91768630 997 $aUNICAMPANIA